| 000 | 00537nam a2200169 4500 | ||
|---|---|---|---|
| 001 | 18626 | ||
| 005 | 20201125173859.0 | ||
| 007 | tu | ||
| 008 | 170301s1730||||||| ger | ||
| 245 | 0 | 0 |
_aRector et Senatus Academiae Regiae Viadrinae _bL. B. S |
| 264 |
_aFrankfurt (Oder) _bSchwartzii _c1730 |
||
| 365 | _c€ | ||
| 546 | _adeutsch | ||
| 650 | 0 | 4 | _aUniversität |
| 650 | 0 | 4 | _aFrankfurt (Oder) |
| 650 | 0 | 4 | _aJablonski, Hoffmann; Siegel, Gyöngyössi, Heineccius, Trier, Ring, á Bergen, Goelicke, Dithmar, Westerman, Grillo, Schütz, |
| 999 |
_c78898 _d78898 |
||